[Event "OLSW 1819 SK Gau-Algesheim - SC Heimbac"]
[Site "?"]
[Date "2018.12.16"]
[Round "4.6"]
[White "Erlekam, Simon"]
[Black "Roos, Thomas"]
[Result "0-1"]
[WhiteElo "1886"]
[BlackElo "2153"]
[PlyCount "44"]
[EventDate "2018.??.??"]

1. e4 c5 2. Nf3 d6 3. d4 cxd4 4. Nxd4 Nf6 5. Nc3 Nc6 6. Be2 e5 7. Nb3 Be7 8.
O-O O-O 9. Kh1 a5 10. a4 Nb4 11. f4 Be6 12. Be3 Rc8 13. Rc1 Rxc3 14. bxc3 Na2
15. Ra1 Nxc3 16. Qe1 Nfxe4 17. Bd2 Bh4 18. g3 Bxg3 19. hxg3 Nxe2 20. Rf3 N4xg3+
21. Rxg3 Qh4+ 22. Kg2 Bd5+ 0-1

[Event "OLSW 1819 SK Gau-Algesheim - SC Heimbac"]
[Site "?"]
[Date "2018.12.16"]
[Round "4.7"]
[White "Fink, Christian"]
[Black "Grieb, Lukas"]
[Result "1-0"]
[WhiteElo "2147"]
[BlackElo "1773"]
[PlyCount "87"]
[EventDate "2018.??.??"]

1. e4 c5 2. Nf3 Nc6 3. Bb5 d6 4. Bxc6+ bxc6 5. O-O d5 6. d3 Nf6 7. Nc3 e6 8.
Ne5 Qc7 9. f4 Ba6 10. Qe1 Bd6 11. exd5 cxd5 12. Bd2 O-O 13. Qg3 Nd7 14. Rad1
Rab8 15. b3 f6 16. Nf3 Rbe8 17. Qh3 Nb6 18. a4 Qc6 19. a5 Na8 20. g4 Bc8 21.
Qg2 Nc7 22. g5 fxg5 23. Nxg5 Rf6 24. Rf3 Rg6 25. Rg3 e5 26. Rf1 h6 27. f5 Rxg5
28. Bxg5 hxg5 29. Rxg5 Kh8 30. Rh5+ Kg8 31. f6 Qd7 32. f7+ Qxf7 33. Rxf7 Kxf7
34. Nxd5 Re6 35. Rg5 g6 36. Qf3+ Kg7 37. h4 Nxd5 38. Qxd5 Rf6 39. h5 Bf5 40.
Rg2 Kf8 41. Qa8+ Ke7 42. h6 Bh3 43. h7 Bxg2 44. Kxg2 1-0

[Event "OLSW 1819 SK Gau-Algesheim - SC Heimbac"]
[Site "?"]
[Date "2018.12.16"]
[Round "4.8"]
[White "Friedrich, Marius"]
[Black "Spreemann, Ralf"]
[Result "0-1"]
[WhiteElo "2080"]
[BlackElo "2007"]
[PlyCount "80"]
[EventDate "2018.??.??"]

1. e4 c6 2. d4 d5 3. Nd2 dxe4 4. Nxe4 Nf6 5. Nxf6+ gxf6 6. c3 h5 7. h4 Bf5 8.
Ne2 e6 9. Ng3 Bg4 10. f3 Bd6 11. Ne4 Bf5 12. Nxd6+ Qxd6 13. Be3 Nd7 14. Qd2 Nb6
15. c4 Qg3+ 16. Bf2 Qg6 17. a4 Rd8 18. a5 Nc8 19. Qb4 Rd7 20. O-O-O Qh6+ 21.
Qd2 Qxd2+ 22. Rxd2 Nd6 23. b4 Rg8 24. g3 Ke7 25. Be2 Rdd8 26. Rhd1 Rc8 27. Kb2
Kd7 28. c5 Ne8 29. d5 exd5 30. Rxd5+ cxd5 31. Rxd5+ Ke6 32. Bc4 Nc7 33. Rd1+
Ke7 34. c6 bxc6 35. Bc5+ Ke8 36. Bxa7 Rxg3 37. Bc5 Be6 38. Bd3 Rg2+ 39. Kb1 Rd8
40. Bb6 Rxd3 0-1

[Event "OLSW 1819 SV Worms 1878 - SK Frankentha"]
[Site "?"]
[Date "2018.12.16"]
[Round "4.1"]
[White "Syrov, Arkadi"]
[Black "Nasshan, Dennis"]
[Result "1/2-1/2"]
[WhiteElo "2289"]
[BlackElo "2313"]
[PlyCount "68"]
[EventDate "2018.??.??"]

1. e4 c5 2. Nf3 Nc6 3. d4 cxd4 4. Nxd4 e5 5. Nb5 a6 6. Nd6+ Bxd6 7. Qxd6 Qf6 8.
Qxf6 Nxf6 9. f3 d5 10. exd5 Nxd5 11. c3 Bf5 12. Bc4 O-O-O 13. O-O Na5 14. Be2
Nf4 15. Bxf4 exf4 16. b4 Rhe8 17. Rf2 Nc6 18. Na3 Bd3 19. Bxd3 Rxd3 20. b5 Rxc3
21. bxc6 Rxa3 22. cxb7+ Kxb7 23. Rc2 Ra5 24. a4 Re7 25. Rb1+ Ka7 26. Rb4 g5 27.
h4 Rb7 28. Rd4 h6 29. Rc6 Rb6 30. Rd7+ Rb7 31. Rd4 Rb6 32. Rcc4 Rb7 33. h5 Re5
34. Kh2 Re6 1/2-1/2

[Event "OLSW 1819 SV Worms 1878 - SK Frankentha"]
[Site "?"]
[Date "2018.12.16"]
[Round "4.2"]
[White "Heider, Martin"]
[Black "Neuberger, Guido"]
[Result "1-0"]
[WhiteElo "2402"]
[BlackElo "2288"]
[PlyCount "111"]
[EventDate "2018.??.??"]

1. e4 e5 2. Nf3 Nc6 3. Bb5 a6 4. Bxc6 dxc6 5. O-O Bg4 6. h3 h5 7. d3 Qf6 8. Be3
Bxf3 9. Qxf3 Qxf3 10. gxf3 Bd6 11. Nd2 Ne7 12. Rfb1 c5 13. Kf1 O-O-O 14. Ke2
Nc6 15. c3 Rd7 16. Rg1 f6 17. Nc4 b5 18. Nd2 Nd8 19. a4 b4 20. Rac1 Ne6 21. Nb3
Rhd8 22. cxb4 cxb4 23. Rc6 Rf7 24. Rxa6 Kd7 25. d4 exd4 26. Nxd4 Nxd4+ 27. Bxd4
Ke8 28. Rd1 Rfd7 29. Be3 b3 30. Rd3 Rb8 31. f4 Rb4 32. Ra8+ Ke7 33. e5 fxe5 34.
fxe5 Bxe5 35. Bc5+ Bd6 36. Bxb4 Bxb4 37. Rxd7+ Kxd7 38. Kd3 g5 39. Rg8 Be7 40.
a5 Kc6 41. Kc4 g4 42. hxg4 h4 43. Rh8 Kb7 44. Kxb3 Ka6 45. Ka4 c5 46. Rh6+ Ka7
47. Rh7 h3 48. Rxe7+ Ka6 49. Re6+ Ka7 50. Rh6 c4 51. Kb5 c3 52. Rh7+ Kb8 53.
bxc3 Kc8 54. a6 Kb8 55. Kb6 Kc8 56. a7 1-0

[Event "OLSW 1819 SV Worms 1878 - SK Frankentha"]
[Site "?"]
[Date "2018.12.16"]
[Round "4.3"]
[White "Fulea, Dan"]
[Black "Feldmann, Johannes"]
[Result "1/2-1/2"]
[WhiteElo "2204"]
[BlackElo "2212"]
[PlyCount "37"]
[EventDate "2018.??.??"]

1. e4 e6 2. d4 d5 3. Nd2 c5 4. Ngf3 cxd4 5. exd5 Qxd5 6. Bc4 Qd7 7. O-O Nc6 8.
Nb3 a6 9. Nbxd4 Nxd4 10. Qxd4 Qxd4 11. Nxd4 Nf6 12. Be2 Bd7 13. c4 Bc5 14. Nb3
Bb6 15. Bf3 O-O-O 16. Bg5 Bc6 17. Bxc6 bxc6 18. Bxf6 gxf6 19. Rad1 1/2-1/2

[Event "OLSW 1819 SV Worms 1878 - SK Frankentha"]
[Site "?"]
[Date "2018.12.16"]
[Round "4.4"]
[White "Ollenberger, Roland"]
[Black "Geyer, Bernhard"]
[Result "1-0"]
[WhiteElo "2264"]
[BlackElo "2182"]
[PlyCount "77"]
[EventDate "2018.??.??"]

1. e4 e6 2. d4 d5 3. Nc3 Nf6 4. e5 Nfd7 5. f4 c5 6. Nf3 Nc6 7. Be3 cxd4 8. Nxd4
Nxd4 9. Bxd4 Bb4 10. Qf3 g6 11. a3 Be7 12. O-O-O a6 13. g4 h5 14. h3 Qc7 15.
Bd3 Nc5 16. f5 Nxd3+ 17. Qxd3 gxf5 18. gxf5 Bd7 19. f6 Bf8 20. Kb1 Rc8 21. Rhg1
b5 22. Rg5 Qc6 23. Rdg1 Kd8 24. Rg8 Rxg8 25. Rxg8 Kc7 26. Rh8 Kb7 27. Rxh5 a5
28. Rh7 b4 29. axb4 axb4 30. Ne2 Be8 31. h4 Ra8 32. Nc1 Qa4 33. Nb3 Rc8 34. Rh8
Bb5 35. Qe3 Kb8 36. Bc5 Bxc5 37. Rxc8+ Kxc8 38. Qxc5+ Kd8 39. Qb6+ 1-0

[Event "OLSW 1819 SV Worms 1878 - SK Frankentha"]
[Site "?"]
[Date "2018.12.16"]
[Round "4.5"]
[White "Syska, Albert"]
[Black "Steinkohl, Thomas"]
[Result "1-0"]
[WhiteElo "2226"]
[BlackElo "2230"]
[PlyCount "55"]
[EventDate "2018.??.??"]

1. e4 c6 2. Nc3 d5 3. Nf3 Bg4 4. h3 Bxf3 5. Qxf3 e6 6. g3 Nf6 7. d3 Nbd7 8. Bg2
Bb4 9. O-O Qa5 10. Nb1 O-O 11. Bf4 dxe4 12. dxe4 Rad8 13. c3 Be7 14. Nd2 Ne5
15. Qe2 Nd3 16. Be3 e5 17. Nb3 Qb5 18. Qc2 Nc5 19. Nxc5 Bxc5 20. a4 Qb6 21. a5
Qb5 22. c4 Qb4 23. Ra4 Qxa4 24. Qxa4 Bxe3 25. fxe3 Rd3 26. a6 b6 27. Qxc6 Nd7
28. Qc7 1-0

[Event "OLSW 1819 SV Worms 1878 - SK Frankentha"]
[Site "?"]
[Date "2018.12.16"]
[Round "4.6"]
[White "Helbig, Daniel"]
[Black "Kargoll, Peter"]
[Result "1-0"]
[WhiteElo "2218"]
[BlackElo "2164"]
[PlyCount "81"]
[EventDate "2018.??.??"]

1. e4 e6 2. d3 d5 3. Nd2 Nf6 4. Ngf3 dxe4 5. dxe4 Nc6 6. Bb5 Bd7 7. O-O a6 8.
Be2 Bc5 9. e5 Ng4 10. Ne4 Ba7 11. Bg5 f6 12. exf6 gxf6 13. Bh4 Rf8 14. Qd2 Qe7
15. h3 Nge5 16. Nxe5 Nxe5 17. Qf4 Ng6 18. Qxc7 Bb8 19. Qxb7 Nxh4 20. Bh5+ Ng6
21. Qxa8 Qb4 22. Bxg6+ hxg6 23. Rad1 Ke7 24. Rxd7+ Kxd7 25. Rd1+ Ke7 26. Qc6
Rd8 27. Rb1 Kf7 28. c3 Qa5 29. Qb7+ Bc7 30. Re1 Rd7 31. Qc6 Re7 32. Qc4 Qb6 33.
Qe2 f5 34. Ng5+ Kf6 35. Nf3 e5 36. Qd2 Qc6 37. Qh6 e4 38. Qh8+ Rg7 39. Qh4+ g5
40. Qh6+ Rg6 41. Qf8+ 1-0

[Event "OLSW 1819 SV Worms 1878 - SK Frankentha"]
[Site "?"]
[Date "2018.12.16"]
[Round "4.7"]
[White "Johann, Christof"]
[Black "Schluchter, Steffen"]
[Result "0-1"]
[WhiteElo "2176"]
[BlackElo "2116"]
[PlyCount "68"]
[EventDate "2018.??.??"]

1. e4 c5 2. Nf3 d6 3. d4 cxd4 4. Nxd4 Nf6 5. Nc3 e6 6. Be3 Be7 7. f3 a6 8. Qd2
Qc7 9. O-O-O O-O 10. g4 Nc6 11. h4 b5 12. Nxc6 Qxc6 13. Bd3 b4 14. Ne2 a5 15.
Nd4 Qc7 16. Kb1 Ba6 17. h5 Nd7 18. g5 Nc5 19. Bxa6 Rxa6 20. Qg2 a4 21. g6 Bf6
22. Nb5 Qc6 23. Nxd6 a3 24. gxh7+ Kxh7 25. Bd4 e5 26. h6 g6 27. Bxc5 Qxc5 28.
Rd5 Qxd6 29. Rxd6 Rxd6 30. Qe2 Rfd8 31. bxa3 bxa3 32. c3 Rd2 33. Qc4 R8d7 34.
Ka1 Rd1+ 0-1

[Event "OLSW 1819 SV Worms 1878 - SK Frankentha"]
[Site "?"]
[Date "2018.12.16"]
[Round "4.8"]
[White "Martin, Mike"]
[Black "Kuehn, Bernd"]
[Result "1-0"]
[WhiteElo "2139"]
[BlackElo "2031"]
[PlyCount "55"]
[EventDate "2018.??.??"]

1. e4 c6 2. d3 d5 3. Nd2 e5 4. g3 Be6 5. Bg2 Nd7 6. Ngf3 Be7 7. O-O g5 8. d4 f6
9. Re1 dxe4 10. Nxe4 g4 11. Nh4 f5 12. Nc3 e4 13. Nxe4 fxe4 14. Bxe4 Kf7 15. d5
cxd5 16. Bxd5 Bxd5 17. Qxd5+ Kf8 18. Nf5 Ndf6 19. Qxb7 Rb8 20. Qxa7 Rc8 21. Bf4
h5 22. Rad1 Qe8 23. Nxe7 Nxe7 24. Rxe7 Qg6 25. Bd6 Kg8 26. Qb7 Rf8 27. Qb3+ Rf7
28. Be5 1-0

[Event "OLSW 1819 SC Caissa Schwarzenbach - Gam"]
[Site "?"]
[Date "2018.12.16"]
[Round "4.1"]
[White "Wagner, Harald"]
[Black "Frischmann, Rick"]
[Result "1-0"]
[WhiteElo "2187"]
[BlackElo "2335"]
[PlyCount "99"]
[EventDate "2018.??.??"]

1. e4 c5 2. Nf3 e6 3. d4 cxd4 4. Nxd4 a6 5. Bd3 g6 6. c4 Bg7 7. Be3 Ne7 8. Nc3
O-O 9. O-O f5 10. exf5 gxf5 11. f4 Nbc6 12. Nxc6 Nxc6 13. c5 b5 14. cxb6 d5 15.
Na4 d4 16. Bd2 Qd6 17. Rc1 Rb8 18. Qb3 Ne7 19. Bb4 Qd8 20. Bc4 Rf6 21. Rfe1 Kf7
22. Qa3 Ng6 23. g3 Bf8 24. Bxf8 Nxf8 25. Qc5 d3 26. Red1 d2 27. Rc2 Bd7 28.
Rcxd2 Qe7 29. Qxe7+ Kxe7 30. Nc5 Bc6 31. b7 Bxb7 32. Nxb7 Rxb7 33. Bxa6 Ra7 34.
Bc4 Nd7 35. b4 e5 36. Bb5 Nb6 37. fxe5 Re6 38. Rd6 Rb7 39. Bc6 Rb8 40. Rxe6+
Kxe6 41. a4 Rc8 42. b5 Kxe5 43. a5 Nc4 44. a6 Nb6 45. a7 f4 46. Ra1 fxg3 47.
hxg3 Rg8 48. Ra6 Na8 49. Bxa8 Rxa8 50. b6 1-0

[Event "OLSW 1819 SC Caissa Schwarzenbach - Gam"]
[Site "?"]
[Date "2018.12.16"]
[Round "4.2"]
[White "Fries, Frederik"]
[Black "Erhardt, Michael"]
[Result "1-0"]
[WhiteElo "2297"]
[BlackElo "2092"]
[PlyCount "57"]
[EventDate "2018.??.??"]

1. Nf3 Nf6 2. c4 e6 3. b3 d5 4. Bb2 Be7 5. e3 O-O 6. Nc3 c5 7. cxd5 Nxd5 8. Qc2
Nc6 9. h4 b6 10. a3 Bb7 11. Ng5 g6 12. Nxh7 Kxh7 13. Nxd5 Qxd5 14. h5 f5 15.
hxg6+ Kxg6 16. Qd1 f4 17. Qg4+ Kf7 18. Bc4 Qg5 19. Rh7+ Ke8 20. Qxg5 Bxg5 21.
Rxb7 fxe3 22. dxe3 Rf7 23. Rxf7 Kxf7 24. Ke2 Bf6 25. Bxf6 Kxf6 26. Rh1 Re8 27.
Rh6+ Kf5 28. Bb5 Rc8 29. f4 1-0

[Event "OLSW 1819 SC Caissa Schwarzenbach - Gam"]
[Site "?"]
[Date "2018.12.16"]
[Round "4.3"]
[White "Gross, Georg"]
[Black "Gress, Alexander"]
[Result "1-0"]
[WhiteElo "2260"]
[BlackElo "2216"]
[PlyCount "53"]
[EventDate "2018.??.??"]

1. d4 c5 2. d5 Nf6 3. Nf3 d6 4. Nc3 e6 5. e4 exd5 6. exd5 Be7 7. Be2 O-O 8. O-O
Na6 9. Rb1 b6 10. a3 Nc7 11. b4 Bb7 12. Bc4 Qd7 13. Re1 Rfe8 14. bxc5 dxc5 15.
Ne5 Qd6 16. Nb5 Nxb5 17. Bxb5 Nxd5 18. Bxe8 Rxe8 19. Rb3 Bf6 20. Nc4 Qc6 21.
Rxe8+ Qxe8 22. Nd6 Qc6 23. Nxb7 Qxb7 24. Rd3 Bd4 25. c3 Nxc3 26. Rxc3 Qd7 27.
Be3 1-0

[Event "OLSW 1819 SC Caissa Schwarzenbach - Gam"]
[Site "?"]
[Date "2018.12.16"]
[Round "4.4"]
[White "Weller, Manuel"]
[Black "Forthoffer, Patrick"]
[Result "1-0"]
[WhiteElo "2250"]
[BlackElo "2192"]
[PlyCount "137"]
[EventDate "2018.??.??"]

1. c4 Nf6 2. Nc3 e5 3. Nf3 Nc6 4. d4 exd4 5. Nxd4 Bb4 6. Bg5 h6 7. Bh4 Bxc3+ 8.
bxc3 d6 9. e3 Ne5 10. Qc2 O-O 11. Be2 Qe7 12. O-O Ng6 13. Bg3 Ne4 14. Rfd1 Nxg3
15. hxg3 Re8 16. Rab1 c6 17. Rd2 Qf6 18. Qd1 a6 19. Qc1 Ne5 20. Qa3 Re7 21. Nf3
Bf5 22. Rxd6 Nxf3+ 23. Bxf3 Qe5 24. Rbd1 Rae8 25. R1d2 Be6 26. R6d4 Qc7 27. c5
Qe5 28. Qb4 h5 29. Rd6 Qf5 30. Qd4 Qg5 31. Rb2 g6 32. Rd8 Bc8 33. Be2 Rxe3 34.
Rxc8 Rxe2 35. Rxe8+ Rxe8 36. Rxb7 h4 37. gxh4 Qf5 38. Rd7 Qb1+ 39. Kh2 Qxa2 40.
Qf6 Qe6 41. Qxe6 Rxe6 42. Ra7 Re5 43. Rxa6 Rxc5 44. Ra3 Rc4 45. g3 Kg7 46. Kg2
Kf6 47. Kf3 g5 48. hxg5+ Kxg5 49. Ke3 Kf6 50. Kd3 Rc5 51. Ra4 Ke6 52. Re4+ Kd6
53. Rf4 f5 54. Rh4 Ra5 55. Rh6+ Kd7 56. Rf6 Re5 57. f3 Kc7 58. c4 Kb6 59. Kd4
Ra5 60. Rf7 Ka6 61. c5 Ra4+ 62. Ke3 f4+ 63. Rxf4 Ra3+ 64. Kd2 Kb5 65. Rf5 Kc4
66. g4 Kd4 67. g5 Ra2+ 68. Ke1 Ke3 69. Kf1 1-0

[Event "OLSW 1819 SC Caissa Schwarzenbach - Gam"]
[Site "?"]
[Date "2018.12.16"]
[Round "4.5"]
[White "Vogel, Christian"]
[Black "Czybik, Nils Patrick"]
[Result "1/2-1/2"]
[WhiteElo "2205"]
[BlackElo "2159"]
[PlyCount "85"]
[EventDate "2018.??.??"]

1. Nf3 d5 2. g3 g6 3. Bg2 Bg7 4. O-O e5 5. d3 Nc6 6. c4 dxc4 7. dxc4 Qxd1 8.
Rxd1 e4 9. Ng5 f5 10. Nc3 Bxc3 11. bxc3 h6 12. Nh3 g5 13. f3 exf3 14. exf3 Nge7
15. f4 g4 16. Nf2 Bd7 17. Ba3 O-O-O 18. Nd3 Rh7 19. Bd5 Nxd5 20. cxd5 Nb8 21.
Ne5 Be8 22. c4 Nd7 23. Bb2 Nc5 24. Nd3 Ne4 25. Nf2 Nxf2 26. Kxf2 Ba4 27. Re1
Bc2 28. Re6 Rd6 29. Bf6 Kd7 30. Rxd6+ cxd6 31. Rc1 Be4 32. Ke3 b6 33. Rc3 Rf7
34. Bd4 Re7 35. Kd2 Kc8 36. Re3 Rc7 37. Rc3 Bg2 38. a4 Bf1 39. a5 Rxc4 40. axb6
axb6 41. Bxb6 Rxc3 42. Kxc3 Bg2 43. Kd4 1/2-1/2

[Event "OLSW 1819 SC Caissa Schwarzenbach - Gam"]
[Site "?"]
[Date "2018.12.16"]
[Round "4.6"]
[White "Grewenig, Jan"]
[Black "Haenssel, Christian"]
[Result "1-0"]
[WhiteElo "2140"]
[BlackElo "2114"]
[PlyCount "49"]
[EventDate "2018.??.??"]

1. e4 c5 2. Nf3 d6 3. d4 cxd4 4. Nxd4 Nf6 5. Nc3 a6 6. Bg5 Nc6 7. Qd2 e6 8.
O-O-O h6 9. Nxc6 bxc6 10. Bf4 d5 11. Qe3 Be7 12. h4 O-O 13. Be2 Re8 14. e5 Nh7
15. Kb1 f6 16. g4 fxe5 17. Bxe5 Bxh4 18. f4 Bf6 19. Bxf6 Nxf6 20. g5 d4 21. Qd3
Nd5 22. gxh6 dxc3 23. Rdg1 Ra7 24. hxg7 Rxg7 25. Qh7+ 1-0

[Event "OLSW 1819 SC Caissa Schwarzenbach - Gam"]
[Site "?"]
[Date "2018.12.16"]
[Round "4.7"]
[White "Gerhard, Hans"]
[Black "Tabatt, Hendrik"]
[Result "0-1"]
[WhiteElo "1917"]
[BlackElo "2336"]
[PlyCount "64"]
[EventDate "2018.??.??"]

1. e4 c5 2. b4 d6 3. bxc5 Nf6 4. Nc3 dxc5 5. Bc4 Nc6 6. Nge2 e6 7. O-O Na5 8.
Bb5+ Bd7 9. e5 Bxb5 10. exf6 Bc6 11. fxg7 Bxg7 12. Rb1 Qh4 13. Nb5 Rg8 14. Ng3
Nc4 15. d4 Bxd4 16. Nxd4 cxd4 17. Qe2 Nb6 18. Qe5 Rd8 19. f3 Nc4 20. Qc5 Ne3
21. Bxe3 dxe3 22. Ne4 Bxe4 23. fxe4 Qxe4 24. g3 e2 25. Qb5+ Rd7 26. Rfe1 Qe3+
27. Kg2 Rg5 28. Qa4 Rf5 29. Qg4 Rf2+ 30. Kh1 b6 31. Qg8+ Ke7 32. Qxh7 Qf3+ 0-1

[Event "OLSW 1819 SK Altenkirchen - SVG Saarbrü"]
[Site "?"]
[Date "2018.12.16"]
[Round "4.1"]
[White "Philippe, Christophe"]
[Black "Bruehl, Andreas"]
[Result "1/2-1/2"]
[WhiteElo "2379"]
[BlackElo "2340"]
[PlyCount "86"]
[EventDate "2018.??.??"]

1. d4 d5 2. Nf3 Nf6 3. Bg5 Ne4 4. Bh4 c6 5. e3 Qb6 6. Qc1 Bf5 7. Be2 Nd7 8.
Nbd2 e6 9. O-O f6 10. Nxe4 Bxe4 11. Nd2 Bg6 12. c4 Be7 13. c5 Qc7 14. b4 O-O
15. a4 Rfe8 16. Qc3 e5 17. Bg3 Qc8 18. Rfe1 Bd8 19. Bd3 Bxd3 20. Qxd3 e4 21.
Qb3 Bc7 22. b5 f5 23. a5 a6 24. bxc6 bxc6 25. Reb1 Rb8 26. Qa4 Rb5 27. Rxb5
axb5 28. Qd1 Bxg3 29. hxg3 Nb8 30. Qh5 Na6 31. Kf1 Rf8 32. Ke2 Nb4 33. Nb3 Qa6
34. Rh1 h6 35. Qg6 Nc2 36. Rxh6 b4+ 37. Kd2 Qd3+ 38. Kc1 Qxb3 39. Qh7+ Kf7 40.
Qxf5+ Kg8 41. Qe6+ Rf7 42. Qe8+ Rf8 43. Qe6+ Rf7 1/2-1/2

[Event "OLSW 1819 SK Altenkirchen - SVG Saarbrü"]
[Site "?"]
[Date "2018.12.16"]
[Round "4.2"]
[White "Weimann, Maximilian"]
[Black "Bastian, Herbert"]
[Result "1-0"]
[WhiteElo "2212"]
[BlackElo "2306"]
[PlyCount "61"]
[EventDate "2018.??.??"]

1. e4 c5 2. Nf3 e6 3. Nc3 Nc6 4. d4 cxd4 5. Nxd4 d6 6. g3 Nf6 7. Bg2 Bd7 8. O-O
Be7 9. Nde2 a6 10. a4 O-O 11. Nf4 Qc7 12. Nce2 Rac8 13. c4 Na5 14. b3 Qb6 15.
Bd2 Nc6 16. Bc3 e5 17. Nd3 Ne8 18. a5 Qd8 19. Nb4 Nxa5 20. Rxa5 Qxa5 21. Nc6
Qb6 22. Nxe7+ Kh8 23. Nxc8 Bxc8 24. Kh1 Qc5 25. Nc1 b5 26. Nd3 Qc7 27. c5 dxc5
28. Bxe5 Qe7 29. Qc2 c4 30. bxc4 b4 31. Bd4 1-0

[Event "OLSW 1819 SK Altenkirchen - SVG Saarbrü"]
[Site "?"]
[Date "2018.12.16"]
[Round "4.3"]
[White "Mohammad, Samir"]
[Black "Wagener, Claude"]
[Result "1/2-1/2"]
[WhiteElo "2304"]
[BlackElo "2265"]
[PlyCount "38"]
[EventDate "2018.??.??"]

1. d4 Nf6 2. c4 g6 3. Nc3 d5 4. Nf3 Bg7 5. Bf4 O-O 6. Rc1 c6 7. e3 Be6 8. Ng5
Bf5 9. Qb3 Qb6 10. c5 Qxb3 11. axb3 Nbd7 12. Be2 Rfe8 13. O-O e5 14. dxe5 Nxe5
15. Rfd1 h6 16. Nf3 Nxf3+ 17. Bxf3 g5 18. Bg3 Ne4 19. b4 a6 1/2-1/2

[Event "OLSW 1819 SK Altenkirchen - SVG Saarbrü"]
[Site "?"]
[Date "2018.12.16"]
[Round "4.4"]
[White "Telke, Holger"]
[Black "Busche, Stefan"]
[Result "0-1"]
[WhiteElo "2086"]
[BlackElo "2059"]
[PlyCount "54"]
[EventDate "2018.??.??"]

1. d4 Nf6 2. c4 g6 3. Nc3 d5 4. cxd5 Nxd5 5. e4 Nxc3 6. bxc3 Bg7 7. Bc4 c5 8.
Be3 Nc6 9. Ne2 O-O 10. O-O Bg4 11. f3 Bd7 12. a4 Qc7 13. Qd2 Rad8 14. Bh6 Bxh6
15. Qxh6 cxd4 16. cxd4 Nxd4 17. Bxf7+ Rxf7 18. Nxd4 e5 19. Ne2 Bc6 20. Qe3 Qa5
21. Qb3 Kg7 22. h4 Rfd7 23. h5 Qc5+ 24. Kh2 Qe7 25. hxg6 hxg6 26. Ng1 Rd3 27.
Qb2 Rd2 0-1

[Event "OLSW 1819 SK Altenkirchen - SVG Saarbrü"]
[Site "?"]
[Date "2018.12.16"]
[Round "4.5"]
[White "Pernutz, Hans-Gerhard"]
[Black "Kaster, Martin"]
[Result "1-0"]
[WhiteElo "2042"]
[BlackElo "2080"]
[PlyCount "67"]
[EventDate "2018.??.??"]

1. e4 d5 2. exd5 Qxd5 3. Nc3 Qd6 4. d4 Nf6 5. Bc4 c6 6. Nge2 e6 7. Bf4 Qd8 8.
Bb3 Bd6 9. Qd2 Qc7 10. Bxd6 Qxd6 11. Qg5 O-O 12. h4 h6 13. Qf4 Qxf4 14. Nxf4
Nd5 15. Nce2 Nxf4 16. Nxf4 b6 17. O-O-O Rd8 18. c3 Ba6 19. g4 g6 20. Rhe1 Bc8
21. d5 e5 22. Rxe5 Bxg4 23. Rg1 Nd7 24. Re7 Kf8 25. d6 Nc5 26. Rxf7+ Kg8 27.
Rf6+ Nxb3+ 28. axb3 h5 29. f3 Rf8 30. Rxf8+ Rxf8 31. fxg4 Rxf4 32. gxh5 Rf7 33.
Rxg6+ Kh7 34. Re6 1-0

[Event "OLSW 1819 SK Altenkirchen - SVG Saarbrü"]
[Site "?"]
[Date "2018.12.16"]
[Round "4.6"]
[White "Schmidt, Reiner"]
[Black "Biehl, Tim"]
[Result "1-0"]
[WhiteElo "2153"]
[BlackElo "1979"]
[PlyCount "117"]
[EventDate "2018.??.??"]

1. e4 e6 2. d4 d5 3. Nc3 Bb4 4. e5 c5 5. a3 Bxc3+ 6. bxc3 Ne7 7. Qg4 cxd4 8.
Bd3 Qc7 9. Ne2 dxc3 10. Qxg7 Rg8 11. Qxh7 Nbc6 12. h4 Bd7 13. Bg5 Qxe5 14. f4
Qh8 15. Qxh8 Rxh8 16. Bf6 O-O-O 17. Bxh8 Rxh8 18. h5 d4 19. Be4 Ng8 20. Rd1 Nf6
21. Bf3 e5 22. fxe5 Nxe5 23. Rxd4 Nxf3+ 24. gxf3 Rxh5 25. Rxh5 Nxh5 26. Nxc3
Ng3 27. Ne4 Nxe4 28. fxe4 Kc7 29. Kd2 Be6 30. Ke3 Kc6 31. c3 b5 32. Kf4 a5 33.
Ke3 Kc5 34. Kd3 Ba2 35. Kc2 Bc4 36. Rd8 Be6 37. Ra8 Kb6 38. Kd3 Ba2 39. Kd4 Be6
40. Ke5 Bc4 41. Kd6 Bd3 42. Rb8+ Ka7 43. Re8 Kb6 44. Re7 Bc4 45. Rd7 Be6 46.
Rd8 Bc4 47. Rb8+ Ka7 48. Rc8 Be6 49. Re8 Bc4 50. Kc5 Kb7 51. Re7+ Ka6 52. Rd7
a4 53. Rd6+ Ka5 54. e5 Bb3 55. Rb6 Bc4 56. Rb8 Ka6 57. Ra8+ Kb7 58. Ra5 Kc7 59.
Rxb5 1-0

[Event "OLSW 1819 SK Altenkirchen - SVG Saarbrü"]
[Site "?"]
[Date "2018.12.16"]
[Round "4.7"]
[White "Joeres, Roman"]
[Black "Hoffmann, Thomas"]
[Result "1-0"]
[WhiteElo "1830"]
[BlackElo "2032"]
[PlyCount "119"]
[EventDate "2018.??.??"]

1. d4 d6 2. c4 Nf6 3. Nc3 g6 4. g3 Bg7 5. Bg2 c6 6. Nf3 O-O 7. O-O Nbd7 8. Re1
e5 9. e4 Re8 10. d5 cxd5 11. cxd5 Nb6 12. b3 Bg4 13. Ba3 a6 14. Rc1 Rc8 15. Qd3
Bf8 16. Nd2 Rc7 17. Bb4 Na8 18. Nc4 Qd7 19. Ba5 Rcc8 20. Na4 Rxc4 21. Qxc4 b5
22. Qc6 bxa4 23. bxa4 Qxc6 24. Rxc6 Bd7 25. Rxa6 Bxa4 26. Bf1 Bd7 27. Bb4 Nc7
28. Ra7 Nb5 29. Rxd7 Nd4 30. Rc7 Nf3+ 31. Kg2 Nxe1+ 32. Bxe1 Nxe4 33. a4 Ra8
34. a5 Nc5 35. Bb5 Kg7 36. Bc6 Ra6 37. Be8 Nb3 38. Bxf7 Kf6 39. Be6 Be7 40. Bc8
Ra8 41. Bb7 Ra7 42. a6 Nc5 43. Rxc5 dxc5 44. Ba5 Bd6 45. Bb6 Rxb7 46. axb7 c4
47. Kf3 Bb8 48. Ke4 Ke7 49. Bc5+ Kd7 50. Bb4 Kc7 51. Kxe5 Kxb7+ 52. Ke6 Kb6 53.
d6 Kb5 54. Bc3 Ka4 55. d7 Bc7 56. Ke7 Kb3 57. Bd4 c3 58. d8=Q Bxd8+ 59. Kxd8 c2
60. Be3 1-0

[Event "OLSW 1819 SK Landau - SVG Saarbrücken"]
[Site "?"]
[Date "2019.01.20"]
[Round "5.1"]
[White "Philippe, Christophe"]
[Black "Muranyi, Karl-Jasmin"]
[Result "1/2-1/2"]
[WhiteElo "2380"]
[BlackElo "2332"]
[PlyCount "42"]
[EventDate "2019.??.??"]

1. d4 Nf6 2. Nf3 e6 3. Bg5 b6 4. e4 h6 5. Bxf6 Qxf6 6. Bd3 Bb7 7. O-O Nc6 8. c3
g5 9. Nbd2 Be7 10. Qe2 a5 11. a4 h5 12. Nc4 Qg7 13. d5 Nd8 14. Nd4 Ba6 15. Rfd1
Nb7 16. d6 Bxc4 17. dxe7 Bxd3 18. Qxd3 Qe5 19. Nf3 Qd6 20. Nxg5 Qxd3 21. Rxd3
f6 1/2-1/2

[Event "OLSW 1819 SK Landau - SVG Saarbrücken"]
[Site "?"]
[Date "2019.01.20"]
[Round "5.2"]
[White "Baerwinkel, Tobias"]
[Black "Bastian, Herbert"]
[Result "0-1"]
[WhiteElo "2361"]
[BlackElo "2300"]
[PlyCount "64"]
[EventDate "2019.??.??"]

1. Nf3 Nf6 2. c4 d6 3. g3 g6 4. b4 e5 5. Nc3 Bg7 6. Bg2 O-O 7. O-O Re8 8. d3
Nbd7 9. Bg5 h6 10. Bxf6 Nxf6 11. Nd2 Nh7 12. Rb1 Rb8 13. b5 Bd7 14. Nd5 Ng5 15.
Qa4 Ra8 16. Nb4 Qc8 17. Rfc1 Bh3 18. Bh1 Ne6 19. Qd1 f5 20. Nd5 Qd7 21. Nb4
Rab8 22. a4 Nc5 23. Nb3 e4 24. Nxc5 dxc5 25. Nd5 g5 26. e3 c6 27. Nc3 exd3 28.
Bf3 Rbd8 29. Rb2 f4 30. exf4 d2 31. bxc6 dxc1=Q 32. Qxc1 Qd1+ 0-1